000 00824nab a22001937a 4500
007 ta
008 241227e20220517xxk|||||o|||| 00| 0 eng d
041 _aeng
110 _aRoyal Institution of Chartered Surveyors
_94900
245 _aAutomated Valuation Models:
_bA property market perspective
260 _bRICS World Built Environment Forum,
_c17 May 2022
520 _aThis article explores driving factors behind interest in AVMs, where AVMs work best, data requirements and resolving risks.
650 _aAUTOMATED VALUATION MODELS
650 _aVALUATION
651 _aUnited Kingdom 1973
700 _aKnight, Andrew
710 _aRoyal Institution of Chartered Surveyors
_94900
856 _uhttps://www.rics.org/news-insights/wbef/automated-valuation-models-a-property-market-perspective
_zArticle on RICS.org
999 _c122085
_d122085